| 000 | 04333nam a22004337a 4500 | ||
|---|---|---|---|
| 005 | 20120424122716.0 | ||
| 010 | _aENG-105106 B-490291-308 | ||
| 020 |
_a9788125950363 _c135.00 |
||
| 035 | _aEN-88639 B-490291-308 | ||
| 037 | _bDBAD/PUB | ||
| 037 | _bPrabhat Prakashan/Ven | ||
| 082 | _a005.5 | ||
| 100 |
_aSaxena, Sanjay _955084 |
||
| 245 |
_aMS Office 2007 in a nutshell / _cby Sanjay Saxena |
||
| 260 |
_aNoida _bVikas Publishing House _c2011 |
||
| 270 |
_aE-28, Sector-8 _bNoida _e201301 |
||
| 300 |
_a234p. : _c24cm(pbk) _bill. |
||
| 942 |
_2ddc _cEN _h005.5 _mSAX |
||
| 999 |
_c65542 _d65542 |
||